000 01425nam0a2200349 4500
001 RU\NLR\bibl\225778
005 20260405100733.0
010 _a5-7989-0221-8
_94000
021 _aRU
_b2001-38704
_91836
035 _a(NLR Aleph) 000221795
090 _a1289287
_c1289287
100 _a20020108d2001 |||y0rusy50 ca
101 0 _arus
102 _aRU
105 _aa |||||||||
200 1 _aКомпоненты общего назначения библиотеки C++ Builder 5
_fА.Я. Архангельский
210 _aМ.
_cБИНОМ
_d2001
215 _a412, [1] с.
_cил.
_d24
320 _aБиблиогр. в конце кн. (3 назв.)
606 0 _aКомпьютеры персональные - Библиотеки стандартных подпрограмм
606 0 _aBorland C++ Builder 5.0, система программирования
_xБиблиотеки стандартных подпрограмм
_92196214
_3RU\NLR\auth\661319954
675 _a004.42
_v3
_zrus
686 _a50
_2rugasnti
686 _a32.973.26-018
_2rubbk
686 _aЗ973.23-018.1
700 1 _4070
_8rus
_7ca
_aАрхангельский
_bА. Я.
_cпрограммист
_gАлексей Яковлевич
_3RU\NLR\auth\7736840
_919829
801 0 _aRU
_bRKP
_c20020108
_gPSBO
801 1 _aRU
_bRKP
_c20020108
801 2 _aRU
_bNLR
_c20060413
_grcr
942 _cBOOK
980 _aNB